| 000 | 00000cam 2200000zi 4500 |
| 001 | 9.956401 |
| 003 | CaOODSP |
| 005 | 20260604110147 |
| 006 | m o d f |
| 007 | cr mn||||||||| |
| 008 | 251016e202605##quca ob f000 0 eng d |
| 020 | |a9780660793771 |
| 040 | |aCaOODSP|beng|erda|cCaOODSP |
| 043 | |an-cn--- |
| 086 | 1 |aEn84-398/2025E-PDF |
| 245 | 00|aAssessment : |bketones group : Chemical Abstracts Service Registry numbers 78-93-3, 107-87-9, 108-10-1, 110-12-3, 123-42-2, 513-86-0, 123-54-6, 431-03-8, 600-14-6, 141-79-7. |
| 264 | 1|a[Gatineau, Quebec] : |bGovernment of Canada = Gouvernement du Canada, |cMay 2026. |
| 264 | 4|c©2026 |
| 300 | |a1 online resource (vii, 144 pages) : |billustrations |
| 336 | |atext|btxt|2rdacontent |
| 337 | |acomputer|bc|2rdamedia |
| 338 | |aonline resource|bcr|2rdacarrier |
| 500 | |aIssued also in French under title: Évaluation : groupe des cétones : numéros au registre du Chemical Abstracts Service 78-93-3, 107-87-9, 108-10-1, 110-12-3, 123-42-2, 513-86-0, 123-54-6, 431-03-8, 600-14-6, 141-79-7. |
| 504 | |aIncludes bibliographical references (pages 88-107). |
| 650 | 0|aKetones|xRisk assessment|zCanada. |
| 650 | 0|aKetones|xEnvironmental aspects|zCanada. |
| 650 | 0|aKetones|xHealth aspects|zCanada. |
| 650 | 0|aKetones|xToxicology|zCanada. |
| 710 | 1 |aCanada. |bEnvironment and Climate Change Canada, |eissuing body. |
| 710 | 1 |aCanada. |bHealth Canada, |eissuing body. |
| 775 | 08|tÉvaluation : |w(CaOODSP)9.956402 |
| 856 | 40|qPDF|s1.30 MB|uhttps://publications.gc.ca/collections/collection_2026/eccc/En84-398-2025-eng.pdf |
| 856 | 4 |qHTML|sN/A|uhttps://www.canada.ca/en/environment-climate-change/services/evaluating-existing-substances/assessment-ketones-group.html |